Spravodlivosť spotrebných daní
Príspevok poukazuje na spravodlivosť spotrebných daní ako aj na to, či daň môže byť horizontálne spravodlivá a zároveň efektívna a akú úlohu zohráva rovnosť šancí pri spravodlivosti zdaňovania.
Gespeichert in:
| 1. Verfasser: | |
|---|---|
| Format: | Buchkapitel |
| Sprache: | Slowakisch |
| Schlagworte: | |
| Tags: |
Keine Tags, Fügen Sie das erste Tag hinzu!
|
MARC
| LEADER | 00000naa$a2200000$$$4500 | ||
|---|---|---|---|
| 001 | 0111291 | ||
| 005 | 20240502072230.9 | ||
| 041 | 0 | |a slo | |
| 044 | |a SK | ||
| 245 | 1 | 0 | |a Spravodlivosť spotrebných daní |c Juraj Válek |
| 520 | |a Príspevok poukazuje na spravodlivosť spotrebných daní ako aj na to, či daň môže byť horizontálne spravodlivá a zároveň efektívna a akú úlohu zohráva rovnosť šancí pri spravodlivosti zdaňovania. | ||
| 610 | 2 | 0 | |a dane spotrebné |
| 610 | 2 | 0 | |a spravodlivosť daňová |
| 610 | 2 | 0 | |a systémy daňové |
| 610 | 2 | 0 | |a efektívnosť ekonomická |
| 610 | 2 | 0 | |a Slovensko |
| 100 | 1 | |a Válek, Juraj, 1981- | |